Tyler, The Creator Albums - Statistics

General Stats
  • This quiz has been taken 507 times
    105 since last reset
  • The average score is 8 of 9
Answer Stats
Release Date Album % Correct
May 17, 2019 IGOR
100%
October 28, 2024 Chromakopia
99%
June 25, 2021 Call Me If You Get Lost
96%
July 21, 2017 Flower Boy
95%
April 2, 2013 Wolf
95%
July 21, 2025 Don't Tap The Glass
94%
May 10, 2011 Goblin
94%
April 13, 2015 Cherry Bomb
92%
December 25, 2009 Bastard
81%
No matching quizzes found
Score Distribution
Percent of People with Each Score
Percentile by Number Answered
Your Score History
You have not taken this quiz since the last reset